Investičná činnosť komerčných poisťovní v Slovenskej a Maďarskej republike bakalárska práca

Gespeichert in:
Bibliographische Detailangaben
1. Verfasser: Fazekasová, Anikó
Körperschaft: Podnikovohospodárska fakulta EU so sídlom v Košiciach. Katedra ekonómie
Weitere Verfasser: Kafková, Eva
Format: Buch
Sprache:Slowakisch
Veröffentlicht: Košice 2010
Tags: Tag hinzufügen
Keine Tags, Fügen Sie das erste Tag hinzu!

MARC

LEADER 00000nbm a2200000 4500
001 0132888
005 20240827092433.7
041 0 |a slo 
044 |a SK 
245 1 0 |a Investičná činnosť komerčných poisťovní v Slovenskej a Maďarskej republike  |b bakalárska práca  |c Anikó Fazekasová ; školiteľ: Eva Kafková 
264 1 |a Košice  |c 2010 
300 |a 76 s. 
100 1 |a Fazekasová, Anikó 
700 1 |a Kafková, Eva 
710 2 |a Podnikovohospodárska fakulta EU so sídlom v Košiciach. Katedra ekonómie